000 00224nam a22001097a 4500
100 _aPirsiq, Robert
245 _aLila An Inquiry into Moral's
250 _a1975
260 _bCorgi books
300 _a475
942 _2ddc
_cBK
999 _c11695
_d11695